Ciencias naturales : primaria intensiva para adultos :

Gespeichert in:
Bibliographische Detailangaben
Körperschaft: México. Comisión Nacional de los Libros de Texto Gratuitos.
Weitere Verfasser: Candela Martín, María Antonia.
Format: Buch
Sprache:Spanisch
Erschienen: México : Secretaría de Educación Pública : Centro para el Estudio de Medios y Procedimientos Avanzados de la Educación , Comisión Nacional de Libros de Texto Gratuitos, 1975
Katalog:MANES:  Suchergebnis im Bibliothekskatalog
Schulbuchspezifische Eigenschaften:
Schriftenreihe:Libro de texto gratuito.
Tags: Tag hinzufügen
Keine Tags, Fügen Sie den ersten Tag hinzu!
Hinzugefügt zu:10.07.2008
Geändert in:08.05.2025

MARC

LEADER 00000cam a2200000 4500
003 OSt
005 20250508092030.0
008 080711n1975 mx f 000 0 spa u
050 0 4 |a LTG LC5255.M49  |b C54 t.1 1975 
051 0 4 |a LTG LC5255.M49-C54 t.1 1975 
245 0 0 |a Ciencias naturales :  |b primaria intensiva para adultos :  |b primera parte /  |c María Antonia Candela Martín...[et al.] 
260 |a México :  |b Secretaría de Educación Pública :  |b Centro para el Estudio de Medios y Procedimientos Avanzados de la Educación , Comisión Nacional de Libros de Texto Gratuitos,  |c 1975 
300 |a 318 p. :  |b il. ;  |c 25 cm. 
440 |a Libro de texto gratuito.  |9 21882 
500 |a Encuadernando con: Ciencias naturales : primaria intensiva para adultos : segunda parte.-- Ciencias naturales : primaria intensiva para adultos : tercera parte 
546 |a México 
561 |5 mx-CINVES  |a México. DIE-Cinvestav (Ciudad de México)  |k MANES 
691 0 |a PRI 
700 1 |a Candela Martín, María Antonia.  |9 35609 
710 2 |a México.  |b Comisión Nacional de los Libros de Texto Gratuitos. 
740 |a Ciencias naturales : primaria intensiva para adultos : segunda parte.  |a Ciencias naturales : primaria intensiva para adultos : tercera parte. 
910 |a E-16331  |b Don.- 1975 
908 |a E-16328(ej.2)  |b Don.- 1975 
911 |a E-16331 
942 |2 ddc  |c BK 
999 |c 54751  |d 54751 
999 |c manes:54751  |d 54751